| 000 | nam a22 a 4500 | ||
|---|---|---|---|
| 999 |
_c28 _d28 |
||
| 003 | AKMAL | ||
| 005 | 20170413120129.0 | ||
| 008 | 170413s1994 my a e 000 0 may d | ||
| 020 |
_a9676104841 (kkt.) : _cRM 15.00 |
||
| 040 | _aAKMAL | ||
| 082 | 0 | 4 |
_a923.2 _221 |
| 090 | 0 | 0 |
_a923.2 _bZAI |
| 100 | 1 |
_aZainuddin Maidin _9102 |
|
| 245 | 1 | 0 |
_aMahathir disebalik tabir / _cZainuddin Maidin |
| 260 |
_aKuala Lumpur : _bUtusan Publication & Distributors , _c1994 |
||
| 300 |
_axi, 341ms. : _bil. ; _c18cm. |
||
| 600 | 1 | 0 |
_aMahathir bin Mohamad, _cDato' Seri, _d1925- _95 |
| 650 | 1 | 0 |
_aPrime ministers _zMalaysia _vBiography _947 |
| 651 | 0 |
_aMalaysia _xPolitics and government _944 |
|
| 942 |
_2ddc _cBOOK |
||